BIBLIOTECA

SENCICO

Axxis : (Registro nro. 4160)

Detalles MARC
000 -LEADER
fixed length control field 00748nam a22002417a 4500
003 - CONTROL NUMBER IDENTIFIER
control field PE SENCICO BE
005 - DATE AND TIME OF LATEST TRANSACTION
control field 20251020182637.0
008 - FIXED-LENGTH DATA ELEMENTS--GENERAL INFORMATION
fixed length control field 230518b |||||||| |||| 00| 0 eng d
020 ## - INTERNATIONAL STANDARD BOOK NUMBER
International Standard Book Number 978-958-742-030-2
040 ## - CATALOGING SOURCE
Original cataloging agency PE SENCICO BE
Transcribing agency PE SENCICO BE
041 ## - LANGUAGE CODE
Language code of text/sound track or separate title spa
082 ## - DEWEY DECIMAL CLASSIFICATION NUMBER
Classification number 747
Item number A
-- 2013
245 1# - TITLE STATEMENT
Title Axxis :
Remainder of title anuario 2013, arquitectura, diseño y decoración /
Statement of responsibility, etc. director: Ana María Fries
260 ## - PUBLICATION, DISTRIBUTION, ETC.
Place of publication, distribution, etc. Bogotá :
Name of publisher, distributor, etc. Ediciones Gamma,
Date of publication, distribution, etc. 2012
300 ## - PHYSICAL DESCRIPTION
Extent 237 p. :
Other physical details il. col., lams. ;
Dimensions 30 cm.
650 14 - SUBJECT ADDED ENTRY--TOPICAL TERM
9 (RLIN) 44
Topical term or geographic name entry element Diseño de interiores
650 24 - SUBJECT ADDED ENTRY--TOPICAL TERM
9 (RLIN) 370
Topical term or geographic name entry element Arquitectura de viviendas
650 24 - SUBJECT ADDED ENTRY--TOPICAL TERM
9 (RLIN) 77
Topical term or geographic name entry element Viviendas
650 24 - SUBJECT ADDED ENTRY--TOPICAL TERM
9 (RLIN) 190
Topical term or geographic name entry element Casas de campo
700 1# - ADDED ENTRY--PERSONAL NAME
9 (RLIN) 1054
Personal name Fríes, Ana María
910 ## - USER-OPTION DATA (OCLC)
-- hfp
-- hfp
942 ## - ADDED ENTRY ELEMENTS (KOHA)
Source of classification or shelving scheme Dewey Decimal Classification
Koha item type Libros
Existencias
Fecha de la última vez que lo usaron Número de ingreso o de inventario Pago total Signatura topográfica completa Precio efectivo desde Tipo de documento Estado perdido Sistema de clasificación Estado dañado No es para préstamo Retirado Ubicación permanente Ubicación actual Fecha de adquisición
18/05/2023 15938   R/747/A/2013 18/05/2023 Libros   Dewey Decimal Classification       Biblioteca Central Lima Biblioteca Central Lima 18/05/2023